000 00764nam a2200217 i 4500
001 115429
003 ES-MaACL
005 20250825062556.0
007 t|
008 070308s1928 sp ||||1| spa d
080 _a821.134.2-23"19"
100 1 _aLinares Rivas, Manuel.
_972355
245 1 0 _aFrente a la vida
_b: comedia en tres actos y en prosa /
_cManuel Linares Rivas.
260 _aMadrid :
_bPrensa Moderna,
_c1928.
300 _a67 p. ;
_c17 cm.
490 1 _aEl Teatro moderno ;
_v158
500 _aEstrenada en el Teatro Nacional, de la Habana, el 23 de marzo de 1920, y en el Teatro Lara, de Madrid, el 11 de abril de 1921.
830 0 3 _aEl teatro moderno (Prensa Moderna)
_v158
_9182365
852 _aES-MaACL
_jC-13054
999 _c115429
_d115429